000 00406nam a22001697a 4500
003 MACL
005 20151223135221.0
008 151223b xxu||||| |||| 00| 0 eng d
040 _cMACL
041 _aEnglish
082 _a610/PAR
100 _aSandeep Parashar
_922400
245 _aHow To Overcome Stress
260 _aNoida
_bOriental Publishers
_c2011
650 _aMedical
_922401
942 _2ddc
_cBK
999 _c51659
_d51659